Vybrané problémy riadenia bankových rizík

Definovanie manažmentu rizika v banke (riskmanažment). Mikroekonomické implikácie riskmanažmentu. Makroekonomické implikácie riskmanažmentu. Regulatívvy všeobecne prijaté pre riadenie rizík výborom v Bazileji. Súčasný stav implementácie Bazilejských pravidiel v oblasti riadenia rizík v SR. Meranie a...

Descrizione completa

Salvato in:
Dettagli Bibliografici
Autore principale: Sivák, Rudolf, 1955-
Natura: Capitolo di libro
Lingua:slovacco
Soggetti:
Tags: Aggiungi Tag
Nessun Tag, puoi essere il primo ad aggiungerne!!

MARC

LEADER 00000naa a2200000 4500
001 r044904
005 20240502083121.4
041 0 |a slo 
044 |a CZ 
245 1 0 |a Vybrané problémy riadenia bankových rizík  |c Rudolf Sivák 
520 |a Definovanie manažmentu rizika v banke (riskmanažment). Mikroekonomické implikácie riskmanažmentu. Makroekonomické implikácie riskmanažmentu. Regulatívvy všeobecne prijaté pre riadenie rizík výborom v Bazileji. Súčasný stav implementácie Bazilejských pravidiel v oblasti riadenia rizík v SR. Meranie a riadenie rizík v bankách na Slovensku. 
610 2 0 |a risk management 
610 2 0 |a banky 
610 2 0 |a Slovensko 
610 2 0 |a riziko bankové 
610 2 0 |a dohľad bankový 
610 2 0 |a operácie bankové 
610 2 0 |a primeranosť kapitálová 
610 2 0 |a smernice 
610 2 0 |a Bank for International Settlements Bazilej 
100 1 |a Sivák, Rudolf, 1955-